Guess the Famous People from their Eyes #23 - Statistics

General Stats
  • This quiz has been taken 176 times
  • The average score is 5 of 16
Answer Stats
Picture Answer % Correct
Pharrell Williams
62%
Lisa Kudrow
60%
Aretha Franklin
53%
Penélope Cruz
44%
Iggy Azalea
42%
Stephen Curry
38%
Dave Bautista
35%
Winona Ryder
30%
Michael Phelps
28%
Jimmy Carr
25%
Kat Dennings
20%
Chris O'Donnell
5%
Pixie Lott
5%
Rob Gronkowski
5%
Adam West
4%
Aly Raisman
1%
No matching quizzes found
Score Distribution
Percent of People with Each Score
Percentile by Number Answered
Your Score History
You have not taken this quiz